<?xml version="1.0" encoding="UTF-8"?>
<record
    xmlns:xsi="http://www.w3.org/2001/XMLSchema-instance"
    xsi:schemaLocation="http://www.loc.gov/MARC21/slim http://www.loc.gov/standards/marcxml/schema/MARC21slim.xsd"
    xmlns="http://www.loc.gov/MARC21/slim">

  <leader>00623nam a22001937a 4500</leader>
  <datafield tag="999" ind1=" " ind2=" ">
    <subfield code="c">171040</subfield>
    <subfield code="d">171040</subfield>
  </datafield>
  <controlfield tag="005">20200103152037.0</controlfield>
  <datafield tag="010" ind1=" " ind2=" ">
    <subfield code="a">A-26132</subfield>
  </datafield>
  <datafield tag="020" ind1=" " ind2=" ">
    <subfield code="c">6.00</subfield>
    <subfield code="a">-</subfield>
  </datafield>
  <datafield tag="035" ind1=" " ind2=" ">
    <subfield code="a">A-26132</subfield>
  </datafield>
  <datafield tag="037" ind1=" " ind2=" ">
    <subfield code="b">BPPD</subfield>
  </datafield>
  <datafield tag="082" ind1=" " ind2=" ">
    <subfield code="a"> 841.08      </subfield>
  </datafield>
  <datafield tag="100" ind1=" " ind2=" ">
    <subfield code="a">&#x6A9;&#x646;&#x648; &#x644; &#x6A9;&#x631; &#x634;&#x646; &#x628;&#x627; &#x644;&#x6CC;</subfield>
  </datafield>
  <datafield tag="245" ind1=" " ind2=" ">
    <subfield code="a">&#x645;&#x637;&#x627; &#x644;&#x639;&#x6C1; &#x62D;&#x627; &#x644;&#x6CC; </subfield>
    <subfield code="c">&#x6A9;&#x646;&#x648; &#x644; &#x6A9;&#x631; &#x634;&#x646; &#x628;&#x627; &#x644;&#x6CC;</subfield>
  </datafield>
  <datafield tag="246" ind1=" " ind2=" ">
    <subfield code="a">Mutalah Hali (Urdu)</subfield>
    <subfield code="b">by Kanwal Krishan  Hali </subfield>
  </datafield>
  <datafield tag="260" ind1=" " ind2=" ">
    <subfield code="a">Lucknow</subfield>
    <subfield code="c">1980  &#x621; </subfield>
    <subfield code="b">Urdu Publishers                               </subfield>
  </datafield>
  <datafield tag="270" ind1=" " ind2=" ">
    <subfield code="b">Nazirabad </subfield>
    <subfield code="k">-</subfield>
    <subfield code="e">-</subfield>
    <subfield code="a">Nazirabad ,Lucknow</subfield>
  </datafield>
  <datafield tag="300" ind1=" " ind2=" ">
    <subfield code="a">104 &#x635;</subfield>
    <subfield code="c">22 cm(hb)</subfield>
  </datafield>
  <datafield tag="942" ind1=" " ind2=" ">
    <subfield code="2">ddc</subfield>
    <subfield code="c">UR</subfield>
    <subfield code="h">841.08</subfield>
    <subfield code="m">&#x62D; &#x627; &#x644; </subfield>
  </datafield>
  <datafield tag="952" ind1=" " ind2=" ">
    <subfield code="0">0</subfield>
    <subfield code="1">0</subfield>
    <subfield code="4">0</subfield>
    <subfield code="7">0</subfield>
    <subfield code="8">NFIC</subfield>
    <subfield code="a">L</subfield>
    <subfield code="b">L</subfield>
    <subfield code="d">2020-01-03</subfield>
    <subfield code="e">BPPD/Ven.</subfield>
    <subfield code="g">6.00</subfield>
    <subfield code="l">0</subfield>
    <subfield code="o">841.08 &#x62D; &#x627; &#x644;</subfield>
    <subfield code="p">A-26132</subfield>
    <subfield code="r">2020-01-03 00:00:00</subfield>
    <subfield code="t">1</subfield>
    <subfield code="v">6.00</subfield>
    <subfield code="w">2020-01-03</subfield>
    <subfield code="y">UR</subfield>
  </datafield>
</record>
